| 000 | 00733nam a2200265Ia 4500 | ||
|---|---|---|---|
| 005 | 20230717100243.0 | ||
| 008 | 131103s9999 xx 000 0 und d | ||
| 020 | _a415358310 | ||
| 040 | _aLoreto College | ||
| 041 | _aEnglish | ||
| 082 |
_a973.931 _bMAU |
||
| 100 | _aMauk, David | ||
| 245 |
_aAmerican Civilization _b An Introduction _cDavid Mauk and John Oakland |
||
| 250 | _a4th ed | ||
| 260 |
_aOxford, UK _bRoutledge _c2005 |
||
| 300 |
_axxii,375p _b ill |
||
| 504 | _aIncludes bibliography, websites and index | ||
| 630 | _aAmerica, Civilization | ||
| 630 | _aAmerican Civilization | ||
| 650 | _aAmerica, History | ||
| 651 | _aAmerican History | ||
| 700 | _aOakland, John | ||
| 850 | _aLCLIB | ||
| 942 | _cBK | ||
| 999 |
_c12934 _d63413 |
||